| 000 | 00655nam a2200229 a 4500 | ||
|---|---|---|---|
| 001 | 000011755 | ||
| 003 | DO-SdBNP | ||
| 005 | 20240221085437.0 | ||
| 008 | 091027s2001 dr 000 f spa d | ||
| 020 | _a9993461024 | ||
| 040 |
_aDO-SdBNP _bspa _cBPMSU |
||
| 082 | 4 |
_aRD863.44 _bH684g 2001 _222 |
|
| 100 | 1 | _aHobson, Bartolomé | |
| 245 | 1 | 4 |
_aLos generales : _bnovela / _cBartolomé Hobson (Jorge). |
| 260 |
_aSanto Domingo : _bEditora Búho, _c2001. |
||
| 300 |
_a183 p. ; _c22 cm. |
||
| 590 | _aInventariado, 2024/VM | ||
| 650 | 4 | _aNovela dominicana | |
| 650 | 0 | _aLiteratura dominicana. | |
| 910 | _aVMateo V. Control de calidad.BPMSU | ||
| 942 |
_2ddc _cBK |
||
| 999 |
_c12851 _d12851 |
||